Sociology

Gespeichert in:
Bibliographische Detailangaben
1. Verfasser: Brinkerhoff, David B.
Weitere Verfasser: White, Lynn K.
Format: Buch
Sprache:Englisch
Veröffentlicht: St. Paul West Publ. Co. 1988
Ausgabe:2. ed.
Schlagworte:
Tags: Tag hinzufügen
Keine Tags, Fügen Sie das erste Tag hinzu!

MARC

LEADER 00000nam a2200000 4500
001 c002148
005 20221219121217.6
041 0 |a eng 
044 |a US 
245 1 0 |a Sociology  |c David B. Brinkerhoff, Lynn K. White 
250 |a 2. ed. 
264 1 |a St. Paul  |b West Publ. Co.  |c 1988 
300 |a 652 s. 
610 2 0 |a sociológia 
610 2 0 |a spoločnosť 
610 2 0 |a politika sociálna 
610 2 0 |a socializácia 
610 2 0 |a skupiny sociálne 
610 2 0 |a populácia 
610 2 0 |a práca 
610 2 0 |a produktivita práce 
610 2 0 |a bývanie 
100 1 |a Brinkerhoff, David B. 
700 1 |a White, Lynn K.